Cultivos hidropónicos: una guía completa de los métodos actuales de cultivo sin suelo. Para técnicos y agricultores profesionales, así como para los aficionados especializados

Saved in:
Bibliografiske detaljer
Hovedforfatter: Resh, Howard M (Author)
Format: Bog
Sprog:spansk
Udgivet: Madrid Mundi Prensa 2001
Udgivelse:5a. ed
Fag:
Tags: Tilføj Tag
Ingen Tags, Vær først til at tagge denne postø!

MARC

LEADER 00000nam a2200000 a 4500
001 UCH8585
003 CL-VaPUC
005 20241014170308.0
008 091203e20010000SP |||||||||||||||||spa|d
999 |c 338796  |d 338794 
020 |a 8484760057 
040 |c Pontificia Universidad Católica de Valparaíso 
082 0 4 |a 631.585  |b RES  |2 21 
100 0 |a Resh, Howard M  |e author  |9 545208 
245 1 0 |a Cultivos hidropónicos: una guía completa de los métodos actuales de cultivo sin suelo. Para técnicos y agricultores profesionales, así como para los aficionados especializados 
250 |a 5a. ed 
260 |a Madrid  |b Mundi Prensa  |c 2001 
300 |a 558 p 
583 |a last modification  |c 20091203 00:00:00  |k Rodrigo Vera 
650 0 |a Hidroponía   |9 380084  |x Hortalizas  
650 0 |a Cultivos sin suelo  |9 545213 
650 0 |a Nutrición vegetal  |9 356885 
650 0 |a Sistema NFT  |9 892148 
942 |c BK  |2 ddc 
945 |d 20091203 00:00:00  |a rbrito 
952 |0 0  |1 0  |4 0  |6 631_585000000000000_RES_2001  |7 0  |8 A  |9 431910  |a BIBAGR  |b BIBAGR  |d 2019-11-22  |i 4621417  |l 7  |m 1  |o 631.585 RES 2001  |p 4621417  |r 2025-01-20  |s 2024-08-16  |w 2019-11-22  |y BK  |k AGR